00385pab a2200145 454500008004000000100002000040245004000060260000900100300001300109362000800122650003100130650003000161650002300191773002500214180718b1998 xxu||||| |||| 00| 0 eng d aYamazawa, Ippel aThe Asian economic crisis and Japan c1998 ap.332-51 aSep aEconomic recession - Japan aEconomic recession - Asia aEconomic recession aDeveloping Economies